000 00323nam a22001337a 4500
008 170620b xxu||||| |||| 00| 0 eng d
020 _a9781570031700
041 _aeng
080 _a32
100 _a20
101 _aSHP
245 _aTHE INTERNATIONAL LAW COMMISSION OF THE UNITED STATES
_cMORTON, J,S
942 _2udc
_cBK
999 _c18350
_d18350